00547nam a22001697a 450000500170000001000170001702000260003403500170006003700220007708200120009910000150011124501050012626000340023127000660026530000240033150000220035520120829104025.0 aB-462707-711 a9788176256605c900.00 aB-462707-711 adplbK.K. Pub/Ven a863.108 aPaul, S.K. aThe complete poems of Rabindranath Tagore's Gitanjali:btexts and critical evaluation/cby S.K. Paul aNew DelhibSarup & Sonsc2006 a4740/23, Ansari Road Darya Ganj, New DelhibNew Delhie110002 aix 423p.c23 cm(Hb) aIt includes index